Đánh giá hoạt động hệ thống thu và xử lý nước thải sinh hoạt nhặm đề xuất phương án thu phí nước thải sinh hoạt trên địa bàn Thành phố Hồ Chí Minh Luận văn thạc sĩ - Chuyên ngành: Quản lý tài nguyên và Môi trường
שמור ב:
| מחבר ראשי: | |
|---|---|
| פורמט: | Luận văn |
| שפה: | Undetermined |
| יצא לאור: |
Đại học Công Nghiệp TP. Hồ Chí Minh
2021
|
| נושאים: | |
| גישה מקוונת: | https://opac.iuh.edu.vn/TraCuuTaiLieuSo2XemChiTiet.aspx?Id=113933 |
| תגים: |
הוספת תג
אין תגיות, היה/י הראשונ/ה לתייג את הרשומה!
|
| Thư viện lưu trữ: | Trung tâm Thư viện - Trường Đại học Công nghiệp TP. Hồ Chí Minh |
|---|
| LEADER | 00906nam a2200169Ia 4500 | ||
|---|---|---|---|
| 001 | UIH_02124 | ||
| 008 | 230809s9999 xx 000 0 und d | ||
| 082 | |a 628.162 | ||
| 100 | |a Phan, Thị Nở | ||
| 245 | 0 | |a Đánh giá hoạt động hệ thống thu và xử lý nước thải sinh hoạt nhặm đề xuất phương án thu phí nước thải sinh hoạt trên địa bàn Thành phố Hồ Chí Minh Luận văn thạc sĩ - Chuyên ngành: Quản lý tài nguyên và Môi trường | |
| 245 | 0 | |c Phan, Thị Nở | |
| 260 | |b Đại học Công Nghiệp TP. Hồ Chí Minh | ||
| 260 | |c 2021 | ||
| 650 | |a Quản lý môi trường; | ||
| 856 | |u https://opac.iuh.edu.vn/TraCuuTaiLieuSo2XemChiTiet.aspx?Id=113933 | ||
| 927 | |a Luận văn | ||
| 980 | |a Trung tâm Thư viện - Trường Đại học Công nghiệp TP. Hồ Chí Minh | ||